书目信息 |
| 题名: |
数学建模算法与应用
|
|
| 作者: | 司守奎 , 孙奎菁 主编 | |
| 分册: | ||
| 出版信息: | 北京 国防工业出版社 2021.8 |
|
| 页数: | 525页 | |
| 开本: | 26cm | |
| 丛书名: | ||
| 单 册: | ||
| 中图分类: | O141.4 | |
| 科图分类: | ||
| 主题词: | 数学模型--算法 | |
| 电子资源: | ||
| ISBN: | 978-7-118-12278-7 | |
| 000 | 01232nam0 2200325 450 | |
| 001 | 010710638 | |
| 005 | 20211122151815.07 | |
| 010 | @a978-7-118-12278-7@dCNY69.80 | |
| 035 | @a(O310115XHC)1104058116 | |
| 039 | @aA310000SHL@bUCS01004151174@c1104058116 | |
| 049 | @aA310000SHL@bUCS01010710638 | |
| 100 | @a20210729d2021 em y0chiy0110 ea | |
| 101 | 0 | @achi |
| 102 | @aCN@b110000 | |
| 105 | @aak az 000yy | |
| 200 | 1 | @a数学建模算法与应用@9shu xue jian mo suan fa yu ying yong@b专著@f司守奎,孙奎菁主编 |
| 205 | @a3版 | |
| 210 | @a北京@c国防工业出版社@d2021.8 | |
| 215 | @a525页@c图,照片@d26cm | |
| 300 | @a“十三五”普通高等教育规划教材 | |
| 312 | @a封面题英文题名:Mathematical modeling algorithms and applications | |
| 320 | @a有书目(第524-525页) | |
| 330 | @a本书共分16章,内容包括线性规划,整数规划,非线性规划,微分方程,数理统计,支持向量机,多元分析,现代优化算法,数字图像处理,综合评价与决策方法,预测方法等。 | |
| 510 | 1 | @aMathematical modeling algorithms and applications@zeng |
| 606 | 0 | @a数学模型@x算法 |
| 690 | @aO141.4@v5 | |
| 701 | 0 | @a司守奎@9si shou kui@4主编 |
| 701 | 0 | @a孙奎菁@9sun kui jing@4主编 |
| 801 | 0 | @aCN@b人天书店@c20210728 |
| 905 | @aTSG@dO141.4@eS703@f2@gO141.4/1634-3 | |
| 数学建模算法与应用/司守奎,孙奎菁主编.-3版.-北京:国防工业出版社,2021.8 |
| 525页:图,照片;26cm |
| “十三五”普通高等教育规划教材 |
| ISBN 978-7-118-12278-7:CNY69.80 |
| 本书共分16章,内容包括线性规划,整数规划,非线性规划,微分方程,数理统计,支持向量机,多元分析,现代优化算法,数字图像处理,综合评价与决策方法,预测方法等。 |
| ● |
| 相关链接 |
|
|
|
正题名:数学建模算法与应用
索取号:O141.4/S703
 
预约/预借
| 序号 | 登录号 | 条形码 | 馆藏地/架位号 | 状态 | 备注 |
| 1 | 1507139 | 215071393 | 数理学院资料室/ [索取号:O141.4/S703] | 在馆 | |
| 2 | 1507140 | 215071400 | 数理学院资料室/ [索取号:O141.4/S703] | 在馆 | |
| 3 | 1507141 | 215071419 | 数理学院资料室/ [索取号:O141.4/S703] | 在馆 | |
| 4 | 1507142 | 215071428 | 数理学院资料室/ [索取号:O141.4/S703] | 在馆 | |
| 5 | 1507143 | 215071437 | 数理学院资料室/ [索取号:O141.4/S703] | 在馆 | |
| 6 | 1507144 | 215071446 | 数理学院资料室/ [索取号:O141.4/S703] | 在馆 | |
| 7 | 1507145 | 215071455 | 数理学院资料室/ [索取号:O141.4/S703] | 在馆 | |
| 8 | 1507146 | 215071464 | 数理学院资料室/ [索取号:O141.4/S703] | 在馆 | |
| 9 | 1507147 | 215071473 | 数理学院资料室/ [索取号:O141.4/S703] | 在馆 | |
| 10 | 1507148 | 215071482 | 数理学院资料室/ [索取号:O141.4/S703] | 在馆 | |
| 11 | 1507149 | 215071491 | 数理学院资料室/ [索取号:O141.4/S703] | 在馆 | |
| 12 | 1507150 | 215071507 | 数理学院资料室/ [索取号:O141.4/S703] | 在馆 | |
| 13 | 1507151 | 215071516 | 数理学院资料室/ [索取号:O141.4/S703] | 在馆 | |
| 14 | 1507152 | 215071525 | 数理学院资料室/ [索取号:O141.4/S703] | 在馆 | |
| 15 | 1507153 | 215071534 | 数理学院资料室/ [索取号:O141.4/S703] | 在馆 | |
| 16 | 1507154 | 215071543 | 数理学院资料室/ [索取号:O141.4/S703] | 在馆 | |
| 17 | 1507155 | 215071552 | 数理学院资料室/ [索取号:O141.4/S703] | 在馆 | |
| 18 | 1507156 | 215071561 | 数理学院资料室/ [索取号:O141.4/S703] | 在馆 | |
| 19 | 1507157 | 215071570 | 数理学院资料室/ [索取号:O141.4/S703] | 在馆 | |
| 20 | 1507158 | 215071589 | 数理学院资料室/ [索取号:O141.4/S703] | 在馆 | |
| 21 | 1549911 | 215499119 | 自科库401/401自科库 40排3列3层/ [索取号:O141.4/S703] | 在馆 | |
| 22 | 1549912 | 215499128 | 自科库401/401自科库 40排3列3层/ [索取号:O141.4/S703] | 在馆 |